Galbraith's building and land management law for students (Record no. 112148)
[ view plain ]
| 000 -LEADER | |
|---|---|
| fixed length control field | 01768cam a2200265 4500 |
| 001 - CONTROL NUMBER | |
| control field | L152655 |
| 008 - FIXED-LENGTH DATA ELEMENTS--GENERAL INFORMATION | |
| fixed length control field | 110408n2010 000 0 eng u |
| 020 ## - INTERNATIONAL STANDARD BOOK NUMBER | |
| International Standard Book Number | 9780080966939 |
| 035 ## - SYSTEM CONTROL NUMBER | |
| System control number | (Sirsi) u152655 |
| 041 ## - LANGUAGE CODE | |
| Language code of text/sound track or separate title | eng |
| 100 ## - MAIN ENTRY--PERSONAL NAME | |
| Personal name | Stockdale, Michael |
| 245 ## - TITLE STATEMENT | |
| Title | Galbraith's building and land management law for students |
| Medium | [electronic resource] |
| 250 ## - EDITION STATEMENT | |
| Edition statement | 6th ed. |
| 260 ## - PUBLICATION, DISTRIBUTION, ETC. | |
| Place of publication, distribution, etc. | Oxford |
| Name of publisher, distributor, etc. | Elsevier Butterworth-Heinemann |
| Date of publication, distribution, etc. | 2010 |
| 300 ## - PHYSICAL DESCRIPTION | |
| Extent | eBook |
| 350 ## - PRICE (NR) (BK AM CF MU VM SE) [OBSOLETE] | |
| Price | 31.10 |
| 505 ## - FORMATTED CONTENTS NOTE | |
| Formatted contents note | 1 The nature of law -- 2 The United Kingdom and the European Union -- 3 Settlement of disputes Self-help -- 4 Central and local government - 5 Business organizations -- 6 The law of contract -- 7 Special contracts -- 8 Special contracts ? building contracts -- 9 Employment law -- 10 The law of tort -- 11 Health and safety -- 12 Land law -- 13 Landlord and tenant -- 14 Planning law Central and local planning responsibilities -- 15 Highways -- 16 Building Regulations |
| 520 ## - SUMMARY, ETC. | |
| Summary, etc. | This eBook is an excellent overview of the key legal issues in the construction industry, it highlights the need for students on construction related courses to access information on how the law relates to them, without getting into the dry, heavy detail of the full scale legal texts. This sixth edition has been fully updated and covers the latest JCT Standard Form Building Contract requirements and key EU directives, including Corporate Manslaughter, Employment Law, Tenant Planning Law regulations and Health and Safety acts. |
| 590 ## - LOCAL NOTE (RLIN) | |
| Local note | KA |
| 650 24 - SUBJECT ADDED ENTRY--TOPICAL TERM | |
| Topical term or geographic name entry element | EBOOK |
| 651 #4 - SUBJECT ADDED ENTRY--GEOGRAPHIC NAME | |
| Geographic name | ENGLAND AND WALES |
| 690 ## - LOCAL SUBJECT ADDED ENTRY--TOPICAL TERM (OCLC, RLIN) | |
| Topical term or geographic name as entry element | BUILT ENVIRONMENT-CONSTRUCTION MANAGEMENT |
| 856 ## - ELECTRONIC LOCATION AND ACCESS | |
| Uniform Resource Identifier | <a href="https://www.vlebooks.com/">https://www.vlebooks.com/</a> |
| Public note | View on VLEbooks. Logins for members only from [email protected] |
| 942 ## - ADDED ENTRY ELEMENTS (KOHA) | |
| Suppress in OPAC | 0 |
| Withdrawn status | Lost status | Source of classification or shelving scheme | Damaged status | Not for loan | Home library | Current library | Shelving location | Date acquired | Total Checkouts | Full call number | Barcode | Date last seen | Copy number | Price effective from | Koha item type |
|---|---|---|---|---|---|---|---|---|---|---|---|---|---|---|---|
| Dewey Decimal Classification | Virtual | Virtual | Online | 08/04/2011 | EBOOK | 152655-2001 | 06/08/2019 | 1 | 06/08/2019 | Book |